Statistics for Nordic Countries Capitals

Click here to take the quiz!

General Stats

  • This quiz has been taken 26 times
  • The average score is 4 of 5

Answer Stats

HintAnswer% Correct
NorwayOslo
100%
SwedenStockholm
93%
DenmarkCopenhagen
80%
FinlandHelsinki
67%
IcelandReykjavik
60%

Score Distribution

Percentile by Number Answered

Percent of People with Each Score

Your Score History

You have not taken this quiz